Sports Quiz

Random Sports or WWE Quiz

25 Most Devastating Submission Holds Quiz Stats

 Plays Quiz not verified by Sporcle

Also try: NFL Logos
Challenge
Share
Tweet
Embed
Score 0/25 Timer 06:00
0 Plays Today
Hint Answer % Correct
1.Sharpshooter
88.5%
6.Walls of Jericho
82.1%
8.Figure Four Leg Lock
79.5%
4.Ankle Lock
74.4%
3.STF
73.1%
16.Sleeper Hold
57.7%
9.The Yes Lock
52.6%
10.Camel Clutch
50%
2.Hell's Gate
48.7%
19.Texas Cloverleaf
38.5%
13.Anaconda Vise
32.1%
11.Full Nelson
32.1%
15.Torture Rack
30.8%
Hint Answer % Correct
7.Crossface Chicken Wing
28.2%
5.Million Dollar Dream
28.2%
12.Mandible Claw
25.6%
18.Brock Lock
17.9%
22.Regal Stretch
16.7%
23.Vise Grip
15.4%
14.Tazzmission
14.1%
20.Dragon Sleeper
12.8%
17.The Claw
12.8%
21.Tarantula
10.3%
24.Colossal Clutch
9%
25.Gory Special
6.4%

You're not logged in!

Compare scores with friends on all Sporcle quizzes.
Join for Free
OR
Log In

You Might Also Like...

Show Comments

Extras

Top Quizzes Today


Score Distribution

Your Account Isn't Verified!

In order to create a playlist on Sporcle, you need to verify the email address you used during registration. Go to your Sporcle Settings to finish the process.

Report this User

Report this user for behavior that violates our Community Guidelines.

Details: